Manpower planning in the civil service (Record no. 490586)

000 -LEADER
fixed length control field 00393cam a22001337a 4500
008 - FIXED-LENGTH DATA ELEMENTS--GENERAL INFORMATION
fixed length control field 180718b1976 xxu||||| |||| 00| 0 eng d
020 ## - INTERNATIONAL STANDARD BOOK NUMBER
International Standard Book Number 011630233X
082 ## - DEWEY DECIMAL CLASSIFICATION NUMBER
Classification number K Un3m
245 ## - TITLE STATEMENT
Title Manpower planning in the civil service
Statement of responsibility, etc. edited by A.R. Smith
260 ## - PUBLICATION, DISTRIBUTION, ETC.
Place of publication, distribution, etc. London
Name of publisher, distributor, etc. Her Majesty's Stationery Office
Date of publication, distribution, etc. 1976
300 ## - PHYSICAL DESCRIPTION
Extent 292+p.
440 ## - SERIES STATEMENT/ADDED ENTRY--TITLE
Title Civil service studies no. 3
700 ## - ADDED ENTRY--PERSONAL NAME
Personal name Smith, A.R.
Holdings
Withdrawn status Lost status Damaged status Not for loan Permanent Location Current Location Date acquired Full call number Barcode Date last seen Price effective from Koha item type
        Indian Institute of Public Administration Indian Institute of Public Administration 2018-08-04 K Un3m G14285 2018-08-04 2018-08-04 G
        Indian Institute of Public Administration Indian Institute of Public Administration 2018-08-04 K Un3m G14150 2018-08-04 2018-08-04 G

Powered by Koha